| 000 | 00453nam a2200181Ia 4500 | ||
|---|---|---|---|
| 005 | 20260429112311.0 | ||
| 008 | 260429s9999||||xx |||||||||||||| ||und|| | ||
| 020 | _a9788197092503 | ||
| 041 | _aEnglish | ||
| 082 |
_a549 _bSIN |
||
| 100 | _aSingh, S.K. | ||
| 245 | 0 |
_aBasics of mineralogy / _cS.K. Singh |
|
| 260 |
_aNew Delhi : _bAsia Publishers, _c2025. |
||
| 300 | _ax, 320 p.; hb | ||
| 650 | _a Mineralogy | ||
| 650 | _aChemistry | ||
| 942 | _cTB | ||
| 999 |
_c53379 _d53379 |
||